[Event "Carroll Capps"]
[Site "San Francisco"]
[Date "2005.11.05"]
[Round "3"]
[White "Yamamato, Craig"]
[Black "Ogush, Michael"]
[Result "0-1"]
[WhiteElo "1577"]
[BlackElo "1800"]
[PlyCount "74"]
[EventDate "2005.11.05"]
[EventType "swiss"]
[EventRounds "6"]
[EventCountry "USA"]

1. Nf3 d6 2. d4 Bg4 3. Nbd2 Nd7 4. e3 e5 5. h3 Bh5 6. Be2 f5 7. d5 Ngf6 8. c4
Be7 9. Ng5 Bf7 10. Nxf7 Kxf7 11. g4 fxg4 12. hxg4 h6 13. Bd3 Nc5 14. Bf5 g6 15.
Bc2 a5 16. b3 Qd7 17. Rg1 Rag8 18. Qf3 Ke8 19. Ba3 Na6 20. O-O-O Nh7 21. Qg3
Nf8 22. f4 Bf6 23. Ne4 Bg7 24. f5 Qe7 25. fxg6 Nxg6 26. c5 Nb4 27. Bxb4 axb4
28. Nxd6+ cxd6 29. Bxg6+ Kd8 30. cxd6 Qxd6 31. Rg2 Qxg6 32. Rc2 Qd6 33. e4 Bf6
34. Qf3 Bg5+ 35. Kb1 Rf8 36. Qe2 Rf7 37. Qb5 Rhf8 0-1

[Event "Carroll Capps"]
[Site "San Francisco"]
[Date "2005.11.05"]
[Round "3"]
[White "Young, Greg"]
[Black "Starr, Albert"]
[Result "1-0"]
[WhiteElo "1852"]
[BlackElo "1521"]
[PlyCount "119"]
[EventDate "2005.11.05"]
[EventType "swiss"]
[EventRounds "6"]
[EventCountry "USA"]

1. e4 c5 2. Nf3 e6 3. d4 cxd4 4. Nxd4 a6 5. Nc3 b5 6. Bd3 Bc5 7. Nb3 Ba7 8. O-O
Ne7 9. Bf4 O-O 10. Be2 Nbc6 11. Bd6 Re8 12. Kh1 Ng6 13. f4 Bb8 14. e5 b4 15.
Ne4 a5 16. Nbc5 Nce7 17. Bxb8 Rxb8 18. Nd6 Rf8 19. Bc4 Qc7 20. Qd4 Nh4 21. Nce4
Rb6 22. Qd3 Bb7 23. Nxb7 Qxb7 24. Rf2 Qc6 25. Rd1 Rc8 26. Qxd7 Nhg6 27. Qxc6
Rbxc6 28. Nd6 Rxc4 29. Nxc4 Rxc4 30. Rd8+ Nf8 31. Ra8 Rc5 32. Kg1 g6 33. Kf1
Kg7 34. Rd2 Nd5 35. g3 Nd7 36. Ke2 N7b6 37. Rd8 Nc4 38. Rd4 Nxb2 39. Kd2 Nc4+
40. Kc1 Na3 41. Rd2 Nc3 42. R2d7 Nxa2+ 43. Kd1 Rxc2 44. Rb8 Nc3+ 45. Ke1 Rxh2
46. Rbb7 Rh1+ 47. Kf2 g5 48. Rxf7+ Kg6 49. Rf6+ Kh5 50. Rxh7+ Kg4 51. Rxh1 Ne4+
52. Kg2 gxf4 53. Rxf4+ Kg5 54. Rxe4 b3 55. Ra4 Nc2 56. Rxa5 Ne3+ 57. Kf3 Nc4
58. Rb5 b2 59. Rb4 Nd2+ 60. Ke2 1-0

[Event "Carroll Capps"]
[Site "San Francisco"]
[Date "2005.11.05"]
[Round "4"]
[White "Chan, John"]
[Black "Yeh, Andrew"]
[Result "1-0"]
[WhiteElo "1613"]
[BlackElo "1361"]
[PlyCount "83"]
[EventDate "2005.11.05"]
[EventType "swiss"]
[EventRounds "6"]
[EventCountry "USA"]

1. c4 e6 2. Nc3 d5 3. cxd5 exd5 4. d4 c5 5. Nf3 Nc6 6. e3 Nf6 7. Bb5 a6 8.
Bxc6+ bxc6 9. O-O Bg4 10. h3 Bh5 11. g4 Nxg4 12. hxg4 Bxg4 13. a3 {
move illegible on scoresheet} Qf6 14. Kg2 Bd6 15. dxc5 Bc7 16. Nxd5 cxd5 17.
Qxd5 O-O 18. Nd4 Qg6 19. f4 Be6+ 20. Qg5 Bc4 21. Rf2 Ba5 22. Qxg6 fxg6 23. Bd2
Bd5+ 24. Kg3 Bd8 25. a4 Rb8 26. b4 g5 27. Re1 Re8 28. b5 axb5 29. axb5 Re4 30.
b6 Bf6 31. Nf5 Ra8 32. Nd6 Re6 33. Nb5 gxf4+ 34. exf4 Rc6 35. Nc7 Ra3+ 36. Re3
Bd8 37. Rxa3 Rg6+ 38. Kh2 Rh6+ 39. Rh3 Rxh3+ 40. Kxh3 Be4 41. f5 Kf7 42. Ne6
1-0

[Event "Carroll Capps"]
[Site "San Francisco"]
[Date "2005.11.05"]
[Round "4"]
[White "Cusi, Ronald"]
[Black "De Guzman, Ricardo"]
[Result "1/2-1/2"]
[WhiteElo "2334"]
[BlackElo "2458"]
[PlyCount "28"]
[EventDate "2005.11.05"]
[EventType "swiss"]
[EventRounds "6"]
[EventCountry "USA"]

1. e4 e5 2. Nf3 Nf6 3. Nxe5 d6 4. Nf3 Nxe4 5. Qe2 Qe7 6. d3 Nf6 7. Bg5 Qxe2+ 8.
Bxe2 Be7 9. Nbd2 Bg4 10. Nd4 Bxe2 11. Nxe2 Nbd7 12. O-O O-O 13. Rfe1 Rfe8 14.
Nf3 Bf8 1/2-1/2

[Event "Carroll Capps"]
[Site "San Francisco"]
[Date "2005.11.05"]
[Round "4"]
[White "D'Aloisio, Tony"]
[Black "Bukh, Yefim"]
[Result "1-0"]
[WhiteElo "2215"]
[BlackElo "1928"]
[PlyCount "41"]
[EventDate "2005.11.05"]
[EventType "swiss"]
[EventRounds "6"]
[EventCountry "USA"]

1. c4 Nf6 2. Nc3 b6 3. e4 e5 4. Nf3 Nc6 5. d4 d6 6. Be3 Bg4 7. d5 Nb8 8. Be2 a5
9. Nd2 Bc8 10. a3 Be7 11. b4 axb4 12. axb4 Rxa1 13. Qxa1 Ng4 14. Bxg4 Bxg4 15.
Qa7 Qc8 16. Nb5 Bd8 17. Bxb6 Na6 18. Bxc7 O-O 19. Bxd6 Bg5 20. Bxf8 Bxd2+ 21.
Kxd2 1-0

[Event "Carroll Capps"]
[Site "San Francisco"]
[Date "2005.11.05"]
[Round "4"]
[White "Luke, Gary"]
[Black "Malkiel, Daniel"]
[Result "0-1"]
[WhiteElo "1831"]
[BlackElo "2095"]
[PlyCount "64"]
[EventDate "2005.11.05"]
[EventType "swiss"]
[EventRounds "6"]
[EventCountry "USA"]

1. e4 c5 2. Nf3 Nc6 3. d4 cxd4 4. Nxd4 Qb6 5. Nb3 Nf6 6. Be3 Qc7 7. Nc3 e6 8.
a3 a6 9. Qe2 Be7 10. Rd1 O-O 11. f3 b5 12. Qf2 Rb8 13. Na2 d5 14. Bd3 Ne5 15.
exd5 Nxd5 16. Bd4 Nxd3+ 17. Rxd3 a5 18. O-O b4 19. Nc5 e5 20. axb4 axb4 21.
Bxe5 Qxe5 22. Rfd1 Nf4 23. Ne4 Nxd3 24. cxd3 Be6 25. d4 Qd5 26. Nc1 Rfd8 27.
Ne2 Rbc8 28. Nf4 Qf5 29. Qe3 Bg5 30. Nxg5 Qxg5 31. h4 Qxh4 32. Nxe6 fxe6 0-1

[Event "Carroll Capps"]
[Site "San Francisco"]
[Date "2005.11.05"]
[Round "4"]
[White "Parker, Harold"]
[Black "Wanlass, Ken"]
[Result "1-0"]
[WhiteElo "1547"]
[BlackElo "276"]
[PlyCount "41"]
[EventDate "2005.11.05"]
[EventType "swiss"]
[EventRounds "6"]
[EventCountry "USA"]

1. e4 e5 2. Nf3 Nc6 3. Bc4 Bc5 4. O-O Nf6 5. d4 Bxd4 6. Nxd4 Nxd4 7. f4 Nc6 8.
Bxf7+ Kxf7 9. fxe5 Nxe5 10. Qd5+ Kf8 11. Qxe5 d6 12. Qd4 Qe7 13. Nc3 Ke8 14.
Bg5 c5 15. Qd3 Rf8 16. Rae1 Be6 17. Nd5 Qf7 18. Nxf6+ gxf6 19. Qxd6 Rd8 20.
Qxc5 Rd2 21. Bxd2 1-0

[Event "Carroll Capps"]
[Site "San Francisco"]
[Date "2005.11.05"]
[Round "4"]
[White "Starr, Albert"]
[Black "Adkins, Rico"]
[Result "1-0"]
[WhiteElo "1537"]
[BlackElo "1686"]
[PlyCount "67"]
[EventDate "2005.11.05"]
[EventType "swiss"]
[EventRounds "6"]
[EventCountry "USA"]

1. b4 d5 2. e3 Bf5 3. Bb2 Nd7 4. Nf3 h6 5. Be2 Ngf6 6. O-O e6 7. b5 Bd6 8. d3
a6 9. a4 axb5 10. axb5 Rxa1 11. Bxa1 Qa8 12. Nbd2 Qa7 13. c4 O-O 14. Qb1 Ra8
15. e4 dxe4 16. dxe4 Bh7 17. Bd3 Bb4 18. Nb3 Qa2 19. e5 Bxd3 20. Qxd3 Ra3 21.
exf6 Nxf6 22. Qd8+ Kh7 23. Bxf6 gxf6 24. Nbd4 Qa1 25. Nc2 Ra8 26. Qxc7 Qc3 27.
Qxf7+ Kh8 28. Ne3 Rg8 29. Rd1 Qd3 30. Nh4 Qe4 31. Qxf6+ Rg7 32. Qxh6+ Qh7 33.
Rd8+ Rg8 34. Ng6# 1-0

[Event "Carroll Capps"]
[Site "San Francisco"]
[Date "2005.11.05"]
[Round "4"]
[White "Zavadsky, Peter"]
[Black "Shankland, Sam"]
[Result "0-1"]
[WhiteElo "2202"]
[BlackElo "2001"]
[PlyCount "70"]
[EventDate "2005.11.05"]
[EventType "swiss"]
[EventRounds "6"]
[EventCountry "USA"]

1. d4 d5 2. c4 e6 3. Nc3 Nf6 4. Bg5 Be7 5. e3 O-O 6. Nf3 Nbd7 7. Rc1 c6 8. Bd3
h6 9. Bh4 dxc4 10. Bxc4 Nd5 11. Bg3 a6 12. e4 Nxc3 13. bxc3 c5 14. O-O b5 15.
Bd3 Bb7 16. Qd2 Qa5 17. Qe2 Rac8 18. Ne5 Rfd8 19. Nf3 Bf6 20. e5 Be7 21. Bb1
cxd4 22. cxd4 Qa3 23. Rcd1 Rc3 24. Bf4 Rdc8 25. Be3 Nb6 26. Nd2 Nd5 27. Ne4
Nxe3 28. fxe3 Rxe3 29. Qh5 Bxe4 30. Qxf7+ Kh8 31. Bxe4 Rxe4 32. Qxe6 Rf8 33.
Rxf8+ Bxf8 34. Rf1 Qe3+ 35. Kh1 Rf4 0-1

[Event "Carroll Capps"]
[Site "San Francisco"]
[Date "2005.11.06"]
[Round "5"]
[White "De Guzman, Ricardo"]
[Black "Shankland, Sam"]
[Result "1-0"]
[WhiteElo "2458"]
[BlackElo "2001"]
[PlyCount "73"]
[EventDate "2005.11.05"]
[EventType "swiss"]
[EventRounds "6"]
[EventCountry "USA"]

1. d4 d5 2. c4 e6 3. Nc3 Nf6 4. Nf3 Nbd7 5. Qc2 dxc4 6. e4 c5 7. d5 exd5 8. e5
Ng4 9. Bg5 Qa5 10. O-O-O Nb6 11. Nxd5 Nxd5 12. Bxc4 h6 13. Bd2 Nb4 14. Bxb4
Qxb4 15. a3 Qb6 16. e6 Be7 17. exf7+ Kf8 18. h3 Bf6 19. Rhe1 Bf5 20. Qe2 Qxb2+
21. Qxb2 Bxb2+ 22. Kxb2 Nxf2 23. Rd5 b5 24. Rxf5 bxc4 25. Nh4 g5 26. Ng6+ Kg7
27. Re6 Nd3+ 28. Kc3 Nf4 29. f8=Q+ Rhxf8 30. Nxf8 Rxf8 31. Re7+ Kg8 32. Rxf8+
Kxf8 33. Rxa7 Nxg2 34. a4 Ke8 35. a5 Kd8 36. a6 Kc8 37. Kxc4 1-0

[Event "Carroll Capps"]
[Site "San Francisco"]
[Date "2005.11.06"]
[Round "5"]
[White "Konda, Adarsh"]
[Black "Shipman, Walter"]
[Result "0-1"]
[WhiteElo "1993"]
[BlackElo "2208"]
[PlyCount "132"]
[EventDate "2005.11.05"]
[EventType "swiss"]
[EventRounds "6"]
[EventCountry "USA"]

1. d4 d5 2. c4 e6 3. Nc3 c6 4. Nf3 Nf6 5. Bg5 Nbd7 6. e3 Qa5 7. Bxf6 Nxf6 8. a3
Ne4 9. Qc2 Nxc3 10. Qxc3 Qxc3+ 11. bxc3 Bd6 12. Bd3 O-O 13. cxd5 cxd5 14. Ke2
Bd7 15. Rhb1 b6 16. Bb5 Bxb5+ 17. Rxb5 Rfc8 18. Kd3 Rc6 19. Nd2 Rac8 20. Rb3 e5
21. Rd1 a6 22. a4 exd4 23. exd4 Bf4 24. Re1 Bxd2 25. Kxd2 Kf8 26. Re5 Rd8 27.
Rh5 h6 28. Re5 f6 29. Re3 Re8 30. Rxe8+ Kxe8 31. Kd3 Kd7 32. Rb4 Kc7 33. Rb2
Rc4 34. Rb4 Rc6 35. Rb2 Re6 36. Rb1 Re8 37. f3 f5 38. Kd2 g5 39. Rf1 f4 40. h3
Re6 41. Rb1 Kd7 42. Rh1 Rg6 43. Re1 Re6 44. Rh1 Ke7 45. Rb1 Kf6 46. Kd3 Ke7 47.
Rh1 Kf7 48. Rb1 Kg6 49. Kd2 Kh5 50. Re1 Rxe1 51. Kxe1 Kg6 52. Kd2 Kf5 53. Ke2
Ke6 54. Kd3 Kd6 55. Kc2 Kc6 56. Kb3 h5 57. Ka3 a5 58. Kb3 b5 59. Ka3 bxa4 60.
Kxa4 Kb6 61. Kb3 Kb5 62. c4+ dxc4+ 63. Kc3 a4 64. d5 a3 65. d6 Kc6 66. Kxc4 a2
0-1

[Event "Carroll Capps"]
[Site "San Francisco"]
[Date "2005.11.06"]
[Round "5"]
[White "Liou, Arthur"]
[Black "Luke, Gary"]
[Result "1/2-1/2"]
[WhiteElo "1544"]
[BlackElo "1831"]
[PlyCount "116"]
[EventDate "2005.11.05"]
[EventType "swiss"]
[EventRounds "6"]
[EventCountry "USA"]

1. e4 e5 2. d4 exd4 3. c3 dxc3 4. Bc4 cxb2 5. Bxb2 d5 6. Bxd5 Bb4+ 7. Nc3 Nf6
8. Bxf7+ Kxf7 9. Qb3+ Nd5 10. exd5 Qe7+ 11. Nge2 Na6 12. O-O Re8 13. Ng3 Bd7
14. a3 Ba5 15. d6+ Qe6 16. Qxb7 Nc5 17. Qf3+ Kg8 18. dxc7 Nb3 19. Rad1 Bc6 20.
Qd3 Bxc7 21. Nce4 Bxe4 22. Nxe4 Qxe4 23. Qxb3+ Qe6 24. Qc3 Be5 25. Qc1 Rac8 26.
Qa1 Bxh2+ 27. Kxh2 Qh6+ 28. Kg1 Rc6 29. Qa2+ Kh8 30. Qf7 Rg8 31. Rfe1 Rcc8 32.
Rd7 Rcf8 33. Bxg7+ Qxg7 34. Qxg7+ Rxg7 35. Rxg7 Kxg7 36. Re7+ Kg6 37. Rxa7 Rb8
38. g3 h5 39. Kg2 Rb2 40. a4 Rc2 41. a5 Ra2 42. a6 Rb2 43. Ra8 Ra2 44. a7 Kg7
45. Kh3 Ra1 46. Kh4 Ra5 47. f4 Kh7 48. Re8 Rxa7 49. Re5 Kg6 50. Rxh5 Ra3 51.
Rg5+ Kf6 52. g4 Rf3 53. f5 Rf1 54. Rg6+ Kf7 55. Kg5 Rg1 56. f6 Rxg4+ 57. Kxg4
Kxg6 58. Kf4 Kxf6 1/2-1/2

[Event "Carroll Capps"]
[Site "San Francisco"]
[Date "2005.11.06"]
[Round "5"]
[White "Litras, Marika"]
[Black "Saguid, Vincent"]
[Result "1-0"]
[WhiteElo "1654"]
[BlackElo "1486"]
[PlyCount "77"]
[EventDate "2005.11.05"]
[EventType "swiss"]
[EventRounds "6"]
[EventCountry "USA"]

1. e4 e6 2. d4 d5 3. Nc3 Bb4 4. exd5 Qxd5 5. Nf3 Nc6 6. Bd2 Qd8 7. Bd3 Nxd4 8.
O-O Nf6 9. Nxd4 Qxd4 10. Nb5 Qb6 11. Bxb4 a6 12. Nxc7+ Qxc7 13. Re1 Bd7 14. Qe2
O-O-O 15. Rad1 Bc6 16. Bc3 Nd7 17. Qe3 h5 18. Qg5 f6 19. Qe3 e5 20. Bf5 Kb8 21.
Bb4 Ka8 22. Rd2 Nb8 23. Red1 Rxd2 24. Qxd2 Qb6 25. Qd6 a5 26. Bc3 h4 27. Rd5
Ka7 28. Rxa5+ Na6 29. Bd3 Qd8 30. Rxa6+ bxa6 31. Qxc6 Qb6 32. Qd7+ Qb7 33. Qf5
Rd8 34. h3 Qf7 35. Bxe5 Rd5 36. Bd4+ Rxd4 37. Qc5+ Kb8 38. Qxd4 Qxa2 39. Qb6+
1-0

[Event "Carroll Capps"]
[Site "San Francisco"]
[Date "2005.11.06"]
[Round "5"]
[White "Mohan, Vijay"]
[Black "Livschitz, Louiza"]
[Result "0-1"]
[WhiteElo "1454"]
[BlackElo "1891"]
[PlyCount "74"]
[EventDate "2005.11.05"]
[EventType "swiss"]
[EventRounds "6"]
[EventCountry "USA"]

1. e4 c5 2. Nc3 Nc6 3. f4 d6 4. Nf3 g6 5. Bb5 Bg7 6. O-O Bd7 7. d3 e6 8. Be3
Nge7 9. d4 cxd4 10. Nxd4 O-O 11. Nb3 Qc7 12. Qf3 a6 13. Bd3 Nb4 14. Rad1 d5 15.
Bd4 e5 16. fxe5 Nxd3 17. Qxd3 dxe4 18. Qxe4 Bc6 19. Qh4 Nf5 20. Qf2 Nxd4 21.
Nxd4 Bxe5 22. Qh4 Qb6 23. Nce2 Bb5 24. Qf2 Bxd4 25. Qxd4 Qxd4+ 26. Nxd4 Bxf1
27. Kxf1 Rad8 28. c3 Rfe8 29. Kf2 b5 30. a3 a5 31. h3 Kg7 32. Kf3 Kf6 33. g3
Rd5 34. h4 b4 35. g4 bxc3 36. bxc3 Rc8 37. g5+ Kg7 0-1

[Event "Carroll Capps"]
[Site "San Francisco"]
[Date "2005.11.06"]
[Round "5"]
[White "Naroditsky, Daniel"]
[Black "Zavadsky, Peter"]
[Result "1/2-1/2"]
[WhiteElo "1860"]
[BlackElo "2202"]
[PlyCount "102"]
[EventDate "2005.11.05"]
[EventType "swiss"]
[EventRounds "6"]
[EventCountry "USA"]

1. e4 c6 2. d4 d5 3. Nc3 dxe4 4. Nxe4 Nd7 5. Nf3 Ngf6 6. Bd3 Nxe4 7. Bxe4 Nf6
8. Bd3 Bg4 9. Be3 e6 10. Qd2 Bxf3 11. gxf3 Qd5 12. Qe2 Be7 13. Bc4 Qa5+ 14. c3
O-O 15. Rg1 Rfd8 16. Bh6 g6 17. O-O-O Nd5 18. Qd3 b5 19. Bb3 Qc7 20. Rg3 Bd6
21. Rg4 Bf4+ 22. Bxf4 Nxf4 23. Qe3 Nd5 24. Qh6 Nf6 25. Rf4 Qe7 26. Qg5 Nd5 27.
Qxe7 Nxe7 28. Re1 Rd6 29. Rfe4 Rad8 30. Bc2 Rd5 31. Re5 Rxe5 32. Rxe5 Kg7 33.
Rc5 Rd5 34. Kd2 Rxc5 35. dxc5 Kf6 36. Ke3 Nd5+ 37. Ke4 Ke7 38. Bb3 Nf6+ 39. Kd4
Nd7 40. f4 f6 41. Bc2 e5+ 42. fxe5 fxe5+ 43. Ke4 Ke6 44. b4 Nf6+ 45. Kf3 g5 46.
h3 {draw offer} h5 47. Bg6 g4+ 48. hxg4 hxg4+ 49. Ke3 Nd5+ 50. Kd2 Nf6 51. Kd3
Nd5 1/2-1/2

[Event "Carroll Capps"]
[Site "San Francisco"]
[Date "2005.11.06"]
[Round "5"]
[White "Ogush, Michael"]
[Black "Cusi, Ronald"]
[Result "0-1"]
[WhiteElo "1800"]
[BlackElo "2334"]
[PlyCount "76"]
[EventDate "2005.11.05"]
[EventType "swiss"]
[EventRounds "6"]
[EventCountry "USA"]

1. e4 c5 2. Nc3 Nc6 3. g3 g6 4. Bg2 Bg7 5. d3 Rb8 6. Be3 d6 7. Qd2 b5 8. Nge2
b4 9. Nd1 Nd4 10. c3 Nxe2 11. Qxe2 bxc3 12. bxc3 Ba6 13. O-O Nf6 14. h3 O-O 15.
f4 Nd7 16. Rf2 Qc7 17. Qd2 Rfd8 18. Rc1 Nb6 19. c4 Na4 20. Kh2 Bb7 21. f5 Bc6
22. Bh6 Bd4 23. Be3 Bh8 24. Rc2 Rb1 25. Bg5 Rdb8 26. Bh6 Bd4 27. Rf1 f6 28.
fxg6 hxg6 29. Qf4 e6 30. Qg4 Qf7 31. Be3 Bxe3 32. Nxe3 Rxf1 33. Bxf1 Nb6 34.
Bg2 Nd7 35. Qd1 Ba4 36. Qc1 Bxc2 37. Qxc2 Ne5 38. Nd1 Qb7 0-1

[Event "Carroll Capps"]
[Site "San Francisco"]
[Date "2005.11.06"]
[Round "5"]
[White "Oza, Nikunj"]
[Black "Chan, John"]
[Result "1-0"]
[WhiteElo "1886"]
[BlackElo "1613"]
[PlyCount "97"]
[EventDate "2005.11.05"]
[EventType "swiss"]
[EventRounds "6"]
[EventCountry "USA"]

1. d4 Nf6 2. Nf3 g6 3. c3 d6 4. Bf4 c6 5. Nbd2 Bg7 6. e4 Nh5 7. Bg5 h6 8. Bh4
g5 9. Bg3 Nxg3 10. hxg3 Bg4 11. a4 a5 12. Qb3 Qc7 13. Bc4 e6 14. O-O Nd7 15.
Rfe1 O-O 16. Bd3 Bh5 17. Rad1 Rab8 18. Qc2 Bg6 19. Nf1 b5 20. axb5 cxb5 21. Ne3
b4 22. c4 b3 23. Qd2 Qd8 24. Ra1 Ra8 25. Ra4 Qb6 26. Rea1 Bxd4 27. Rxa5 Rxa5
28. Rxa5 Bxe3 29. fxe3 Nc5 30. Rb5 Qc6 31. Nd4 Qc7 32. Nxb3 Nxb3 33. Rxb3 e5
34. Rb5 Ra8 35. Qb4 Kg7 36. Rd5 Ra1+ 37. Kf2 Ra2 38. Kf3 Qd8 39. Rxd6 g4+ 40.
Kxg4 Qg5+ 41. Kf3 h5 42. c5 h4 43. g4 Bh5 44. Ke2 Qxg4+ 45. Kd2 Rxb2+ 46. Qxb2
Qd1+ 47. Kc3 Qe1+ 48. Kc4 Qxe3 49. Qxe5+ 1-0

[Event "Carroll Capps"]
[Site "San Francisco"]
[Date "2005.11.06"]
[Round "5"]
[White "Parker, Harold"]
[Black "Naroditsky, Alan"]
[Result "1-0"]
[WhiteElo "1547"]
[BlackElo "1687"]
[PlyCount "49"]
[EventDate "2005.11.05"]
[EventType "swiss"]
[EventRounds "6"]
[EventCountry "USA"]

1. e4 c5 2. Nf3 d6 3. d4 cxd4 4. Nxd4 Nf6 5. Nc3 a6 6. Bg5 e6 7. f4 Be7 8. Qf3
Nc6 9. O-O-O Bd7 10. Nb3 Qc7 11. g4 Rc8 12. Kb1 b5 13. Rd2 b4 14. Nd1 a5 15.
Bxf6 Bxf6 16. g5 Nd4 17. Nxd4 Bxd4 18. Qd3 Bc5 19. Bh3 a4 20. f5 e5 21. f6 Bxh3
22. Qxh3 O-O 23. fxg7 Kxg7 24. Ne3 Kh8 25. Nd5 1-0

[Event "Carroll Capps"]
[Site "San Francisco"]
[Date "2005.11.06"]
[Round "5"]
[White "Reyes, Roger"]
[Black "Mc Daniel, Keith"]
[Result "1-0"]
[WhiteElo "1681"]
[BlackElo "1951"]
[PlyCount "113"]
[EventDate "2005.11.05"]
[EventType "swiss"]
[EventRounds "6"]
[EventCountry "USA"]

1. e4 e6 2. d4 d5 3. e5 c5 4. c3 Nc6 5. Bb5 Qb6 6. a4 Nge7 7. dxc5 Qc7 8. f4
Nf5 9. g4 Nh6 10. Be3 Be7 11. Bf2 Bd7 12. h3 O-O-O 13. Nf3 f6 14. Qe2 Rhf8 15.
Nbd2 Nf7 16. O-O h5 17. b4 hxg4 18. hxg4 fxe5 19. fxe5 Nh6 20. Bxc6 bxc6 21.
Nh2 Rf7 22. Ndf3 Rf4 23. Nd2 Rdf8 24. Bg3 Rxf1+ 25. Rxf1 Kd8 26. Rxf8+ Bxf8 27.
Bh4+ Ke8 28. Ndf3 Nf7 29. Qd3 Be7 30. Bxe7 Kxe7 31. Qe3 Be8 32. g5 Nh8 33. Nh4
Kd8 34. Qf4 Qe7 35. N2f3 Bh5 36. Nd4 Kc7 37. Kh2 Bd1 38. a5 Bh5 39. b5 Be8 40.
b6+ Kb7 41. Nb3 a6 42. c4 dxc4 43. Qxc4 Nf7 44. Nf3 Nd8 45. Nbd2 Bg6 46. Qd4
Bh5 47. Kg3 Nf7 48. Ne4 Bxf3 49. Kxf3 Kb8 50. g6 Nd8 51. Qd6+ Qxd6 52. cxd6 c5
53. Nxc5 Nc6 54. d7 Nxe5+ 55. Ke4 Nc6 56. Nxe6 Ka8 57. b7+ 1-0

[Event "Carroll Capps"]
[Site "San Francisco"]
[Date "2005.11.06"]
[Round "5"]
[White "Salvo, Tab"]
[Black "Konda, Adarsh"]
[Result "0-1"]
[WhiteElo "1712"]
[BlackElo "1998"]
[PlyCount "68"]
[EventDate "2005.11.05"]
[EventType "swiss"]
[EventRounds "6"]
[EventCountry "USA"]

1. Nf3 Nf6 2. c4 g6 3. b3 Bg7 4. Bb2 O-O 5. g3 d6 6. Bg2 Nbd7 7. O-O e5 8. d3
Nh5 9. e4 f5 10. exf5 gxf5 11. Nbd2 Qe8 12. Nh4 Ndf6 13. Qc2 Ng4 14. Rae1 Qd8
15. Bd5+ Kh8 16. Bg2 Bf6 17. Ndf3 Rg8 18. Qe2 c5 19. h3 Nxf2 20. Rxf2 Nxg3 21.
Qd2 Bxh4 22. Nxe5 dxe5 23. Qf4 Nh5 24. Bxe5+ Bf6 25. Qh2 Bd7 26. Kh1 Qe7 27.
Rfe2 Qg7 28. Bd5 Bxe5 29. Qxe5 Ng3+ 30. Kh2 Nxe2 31. Qxg7+ Rxg7 32. Rxe2 Bc6
33. Bxc6 bxc6 34. a3 f4 0-1

[Event "Carroll Capps"]
[Site "San Francisco"]
[Date "2005.11.06"]
[Round "5"]
[White "Starr, Albert"]
[Black "Krubnik, Ewelina"]
[Result "0-1"]
[WhiteElo "1565"]
[BlackElo "1779"]
[PlyCount "86"]
[EventDate "2005.11.05"]
[EventType "swiss"]
[EventRounds "6"]
[EventCountry "USA"]

1. b4 e5 2. b5 d5 3. e3 Bd6 4. Bb2 Ne7 5. Nf3 f6 6. Be2 O-O 7. O-O Be6 8. d3 c6
9. a4 Nd7 10. Nbd2 Qc7 11. g3 Bf7 12. c4 c5 13. Rc1 d4 14. exd4 exd4 15. Ne4
Ng6 16. Nxd6 Qxd6 17. Rc2 Rfe8 18. Bc1 Be6 19. Re1 Bh3 20. Nd2 Nge5 21. f4 Nf7
22. Bf3 Qc7 23. Rxe8+ Rxe8 24. Ne4 Be6 25. Re2 b6 26. f5 Bxf5 27. Bf4 Nfe5 28.
Bg2 Bg4 29. Nf2 Bxe2 30. Qxe2 g5 31. Qh5 Qd8 32. Bd5+ Kh8 33. Bxe5 Nxe5 34. Ne4
Nxd3 35. Bf7 Rxe4 36. Bg6 Re1+ 37. Kg2 Qe7 38. Bxd3 Re3 39. Bf5 d3 40. h4 d2
41. Bg4 Qe5 42. Qf7 Qxg3+ 43. Kf1 Re1# 0-1

[Event "Carroll Capps"]
[Site "San Francisco"]
[Date "2005.11.06"]
[Round "5"]
[White "Vayntrub, Dmitry"]
[Black "D'Aloisio, Tony"]
[Result "1-0"]
[WhiteElo "2075"]
[BlackElo "2215"]
[PlyCount "81"]
[EventDate "2005.11.05"]
[EventType "swiss"]
[EventRounds "6"]
[EventCountry "USA"]

1. c4 Nf6 2. g3 g6 3. Bg2 c5 4. Nc3 Bg7 5. e3 e5 6. Nge2 O-O 7. O-O Nc6 8. b3
d6 9. Bb2 Bf5 10. d4 exd4 11. exd4 cxd4 12. Nb5 d3 13. Ned4 Nxd4 14. Nxd4 Qd7
15. Nxf5 Qxf5 16. Qf3 Qxf3 17. Bxf3 d5 18. cxd5 Rac8 19. Rad1 Rc2 20. Bxf6 Bxf6
21. Rxd3 Rxa2 22. d6 b5 23. Rc1 a5 24. Rc7 a4 25. bxa4 bxa4 26. Bd5 Ra1+ 27.
Kg2 a3 28. Ra7 Bb2 29. d7 Rd8 30. Rf3 Rd1 31. Bxf7+ Kg7 32. Be6 Rd6 33. Rf7+
Kh6 34. Bg4 Rd2 35. Be6 Rd6 36. Ra4 Rd4 37. Rxd4 Bxd4 38. h4 g5 39. Bf5 gxh4
40. f4 Bg7 41. g4 1-0

[Event "Carroll Capps"]
[Site "San Francisco"]
[Date "2005.11.06"]
[Round "6"]
[White "Agarwal, Rohan"]
[Black "Oza, Nikunj"]
[Result "1/2-1/2"]
[WhiteElo "1676"]
[BlackElo "1886"]
[PlyCount "111"]
[EventDate "2005.11.05"]
[EventType "swiss"]
[EventRounds "6"]
[EventCountry "USA"]

1. e4 e5 2. d4 exd4 3. c3 d5 4. exd5 Qxd5 5. cxd4 Nc6 6. Nf3 Bg4 7. Be2 Bxf3 8.
Bxf3 Qc4 9. Nc3 Bb4 10. Bxc6+ Qxc6 11. O-O Nf6 12. Re1+ Be7 13. Qe2 O-O 14. Bg5
Rfe8 15. Qb5 Rad8 16. Qxc6 bxc6 17. Rad1 h6 18. Bxf6 Bxf6 19. Ne4 Be7 20. Rc1
Bb4 21. Re3 Kf8 22. Rd1 Rd7 23. g3 Rde7 24. Rb3 Ba5 25. Nc5 Bb6 26. Rbd3 Re2
27. R3d2 Ba5 28. Rxe2 Rxe2 29. Nd3 Bb6 30. Ne5 Rxb2 31. Re1 g6 32. Nd7+ Kg7 33.
Nxb6 cxb6 34. Rc1 Rd2 35. Rxc6 Rxd4 36. Kg2 Ra4 37. Rc2 Ra3 38. h4 Kf6 39. Rb2
h5 40. Re2 b5 41. Kh3 a5 42. Kg2 b4 43. f3 a4 44. Rb2 b3 45. axb3 Rxb3 46. Rc2
a3 47. Rc5 Ke6 48. g4 Kd6 49. Ra5 hxg4 50. fxg4 Kc6 51. h5 Kb6 52. Ra8 Rb2+ 53.
Kg3 gxh5 54. gxh5 Rb5 55. Rxa3 Rxh5 56. Kg4 {a theoretical draw} 1/2-1/2

[Event "Carroll Capps"]
[Site "San Francisco"]
[Date "2005.11.06"]
[Round "6"]
[White "D'Aloisio, Tony"]
[Black "Reyes, Roger"]
[Result "1-0"]
[WhiteElo "2215"]
[BlackElo "1681"]
[PlyCount "81"]
[EventDate "2005.11.05"]
[EventType "swiss"]
[EventRounds "6"]
[EventCountry "USA"]

1. c4 Nf6 2. Nc3 c5 3. g3 g6 4. Bg2 Bg7 5. e3 Nc6 6. d4 cxd4 7. exd4 d6 8. Nge2
O-O 9. O-O a6 10. b3 Bf5 11. d5 Ne5 12. Nd4 Bg4 13. f3 Bc8 14. h3 Qa5 15. Qc2
Ned7 16. Be3 e5 17. Nde2 b5 18. Ne4 Nxe4 19. fxe4 bxc4 20. Qxc4 Bb7 21. Qa4 Qb5
22. Qxb5 axb5 23. Rfc1 Rfc8 24. h4 Rxc1+ 25. Rxc1 Rc8 26. Rxc8+ Bxc8 27. a4
bxa4 28. bxa4 Ba6 29. Nc3 Nc5 30. Bf1 Bxf1 31. Kxf1 Na6 32. Nb5 Bf8 33. Bg5 f5
34. Bd8 Kf7 35. Nc7 Nxc7 36. Bxc7 Ke8 37. a5 Kd7 38. Bb6 Kc8 39. a6 Bh6 40. Ke2
Bc1 41. Bc5 1-0

[Event "Carroll Capps"]
[Site "San Francisco"]
[Date "2005.11.06"]
[Round "6"]
[White "Livschitz, Jennifer"]
[Black "Starr, Albert"]
[Result "0-1"]
[WhiteElo "1280"]
[BlackElo "1551"]
[PlyCount "102"]
[EventDate "2005.11.05"]
[EventType "swiss"]
[EventRounds "6"]
[EventCountry "USA"]

1. e4 c5 2. Nf3 e6 3. d4 cxd4 4. Nxd4 a6 5. Nc3 b5 6. f3 Bb7 7. Be3 Nf6 8. Be2
Be7 9. Qd2 O-O 10. O-O-O d5 11. e5 Nfd7 12. h4 Nxe5 13. g4 Nc4 14. Bxc4 dxc4
15. Ne4 e5 16. Nf5 Qxd2+ 17. Rxd2 Bb4 18. c3 Ba5 19. h5 Bxe4 20. fxe4 Nc6 21.
h6 g6 22. Rg1 gxf5 23. gxf5+ Kh8 24. Bg5 f6 25. Bh4 Bb6 26. Rg3 Rad8 27. Rdg2
Rd6 28. Rg7 Bd8 29. Bf2 Rd3 30. Bc5 Re8 31. Rf7 Rh3 32. Rgg7 Rxh6 33. Be3 Rh1+
34. Kc2 Rg8 35. Rxg8+ Kxg8 36. Rd7 h5 37. Rd6 h4 38. Bf2 Rh2 39. Rd2 h3 40. Bg3
Rxd2+ 41. Kxd2 Bb6 42. Ke2 Bg1 43. Kf1 h2 44. Kg2 b4 45. Bxh2 Bxh2 46. Kxh2 Kh7
47. Kg3 Kh6 48. Kh4 a5 49. Kg4 a4 50. cxb4 Nxb4 51. a3 Nd3 0-1